000 00884cam a2200253 i 4500
999 _c128786
_d128786
001 3166379
003 ARRUPE
005 20190121122818.0
008 750903s1974 rh a b 000 0 eng
010 _a 75313586
020 _a0582641659
040 _aDLC
_cDLC
_dDLC
043 _af-mw---
_af-rh---
_af-za---
050 0 0 _aSPC. N5310.5.R49
_bC66
082 0 0 _a916.89/1/044
100 1 _aCooke, Cranmer Kenrick,
_d1906-
_944038
245 1 2 _aA guide to the rock art of Rhodesia /
_cC. K. Cooke.
260 _aSalisbury :
_bPublished for the Trustees of the National Museums and Monuments of Rhodesia by Longman Rhodesia,
_c1974.
300 _a64 p. :
_bcol. ill. ;
_c20 x 24 cm.
504 _aBibliography: p. 64.
650 0 _aCave paintings
_zZimbabwe.
_944039
651 0 _aZimbabwe
_xAntiquities.
_99546
906 _a7
_bcbc
_corignew
_d4
_encip
_f19
_gy-gencatlg
942 _2lcc
_cSPC